1474 1003 1710 1671 1233 1462 1784 1410 1959 1652 1967 1105 1950 1819 1669 1382 1022 1345 1791 1323 1303 1387 1912 1145 1501 1014 1435 1805 1209 1093 1744 1021 1861 1498 1383 1675 1606 1773 1859 1388 1716 1827 1522 1535 1256 1609 1104 1766 1997 1615 1084 1065 1351 1207 1757 1570 1999 1623 1028 1251 1788 1284 1491 1856 1314 1867 1761 1089 1771 1323 1893 1000 1289 1411 1782 1602 1522 1461 1937 1501 1788 1650 1300 1661 1036 1599 1877 1820 1222 1484 1893 1574 1973 1428 1351 1160 1296 1688 1550 BCNSPRNW ULIB Ver.6.0+V

เปลี่ยนเป็นภาษาไทย

Change to English
 แสดงรายละเอียดบรรณานุกรม
  กลับหน้าหลัก

Brief Record : Get Marc (ISO 2709) : E-mail record : QR code < ปิดหน้าต่าง
LEADER : 00000nam 2200000uu 4500
001    13399115081
003     ULIB
008    120709s2540||||th 000 0 tha d
020    9742460167
060 04 ^aW13^bว234พ 2540
100 0  ^aวิทย์ เที่ยงบูรณธรรม
245 10 ^aพจนานุกรมวิทยาศาสตร์การแพทย์ =^bDictionary of medical
246 31 ^aDictionary of medical science
260    ^aกรุงเทพฯ :^bรวมสาส์น,^c2540
300    ^a1215 หน้า :^bภาพประกอบ
500    ^aSend to Single Search
650  4 ^aแพทยศาสตร์^xพจนานุกรม
945    ^p0^l0^i4259
999    ^aใช้งานได้ทุกระบบ
รายการนี้ยังไม่มีแท็ก
คุณยังไม่ได้ล็อกอิน คุณสามารถมีกิจกรรมร่วมกับเว็บไซต์ได้ แต่ต้องล็อกอินก่อน ::
  ล็อกอิน

รายการสื่อสารสนเทศ

ลำดับที่ ประเภท เลขเรียก/บาร์โค้ด สถานที่ สถานะ
- ไม่พบข้อมูล -

รายการใกล้เคียง
    ผู้แต่ง [วิทย์ เที่ยงบูรณธรรม]

BibComment


ยังไม่เคยถูกคอมเมนท์

คอมเมนท์ทรัพยากรรายการนี้
  คอมเมนท์: พจนานุกรมวิทยาศา..


 Copyright 2026. Bcnsprnw @Library